000
00272nam a2200121Ia 4500
008
190216s9999||||xx |||||||||||||| ||und||
100
_a
Null
245
0
_a
Seven Best Books
260
_b
Publishing Company Ltd
_c
1985
300
_a
206p
650
_a
Speeches
942
_c
BK
999
_c
13200
_d
13200